=LDR 00000nam 2200000 4500 =001 INLIS000000000047822 =005 20160217114428.0 =006 =007 =008 =020 ##$$a 979-518-827-5 =035 ##$$0010-021600000000210 =040 ##$$a NPBDMAT =082 ##$$a 641.1 =090 ##$$a 641.1 $b Sug k =100 ##$$a Sugeng Santoso =245 ##$$a Kesehatan dan Gizi/ Soegeng Santoso, Anne Lies Ranti .-- cet.2.-- =260 ##$$a Jakarta : $b Rineka Cipta, $c 2009 =300 ##$$a ix, 213 hlm : $b ilus $c 21 cm =500 ##$$a Bibliografi : hlm. 189-191 =650 ##$$a Gizi =700 ##$$a Anne Lies Ranti